000 00928nmm a2200277 a 4500
001 ocm0001411734
003 TR-IsHL
005 20201028164733.0
008 160220s2016 tu eng
007 cr cn
020 _a9786059654494
035 _a1411734
_b(N$T)
050 0 4 _aPT8116
_b.B6 2016
090 0 4 _aPT8116
_b.B6 2016
100 1 _aAndersen, Hans Christian
245 1 0 _aBok böceği
_h[electronic resource] /
_cHans Christian Andersen ; uyarlayan Yalçın Ceylanoğlu
260 _aİstanbul :
_bE-Kitap Projesi,
_c2016
300 _a35 p.
650 4 _aDil ve Edebiyat
650 4 _aLanguage and Literature
650 0 _aMasallar, Hollanda
650 0 _aTales, Netherlands
650 7 _aJUVENILE FICTION / Fairy Tales & Folklore / Adaptations
_2bisacsh
700 1 _aCeylanoğlu, Yalçın
856 4 0 _uhttp://search.ebscohost.com/login.aspx?direct=true&scope=site&db=e011xww&AN=1411734
999 _c15692
_d15692